Je řízení věda? 1. Taylorizmus.

Najväčšou hybnou silou riadenia vo svete sa stal americký manažment. V starom vedeckom riadení išlo predovšetkým o kontrolu, v novom pôjde o nájdenie zmyslu v chaose a neprehľadnej turbulencii. V r. 1911 vydal F.W. Taylor dielo "Zásady vedeckého riadenia". Meranie a úkolovanie práce, ktoré viedlo k...

Descrizione completa

Salvato in:
Dettagli Bibliografici
Autore principale: Jirásek, J.
Natura: Capitolo di libro
Lingua:ceco
Soggetti:
Tags: Aggiungi Tag
Nessun Tag, puoi essere il primo ad aggiungerne!!

MARC

LEADER 00000naa a2200000 4500
001 r013173
005 20221213082431.6
041 0 |a cze 
044 |a CZ 
245 1 0 |a Je řízení věda? 1.  |b Taylorizmus.  |c J. Jirásek 
520 |a Najväčšou hybnou silou riadenia vo svete sa stal americký manažment. V starom vedeckom riadení išlo predovšetkým o kontrolu, v novom pôjde o nájdenie zmyslu v chaose a neprehľadnej turbulencii. V r. 1911 vydal F.W. Taylor dielo "Zásady vedeckého riadenia". Meranie a úkolovanie práce, ktoré viedlo k rozsiahlej vedeckej reorganizácii práce, pracovísk, pracovných postupov. Taylorské vedecké riadenie nakoniec prepadlo. 
610 2 0 |a taylorizmus 
610 2 0 |a riadenie 
610 2 0 |a manažment 
610 2 0 |a riadenie vedecké 
610 2 0 |a manažéri 
610 2 0 |a organizácia práce 
610 2 0 |a organizácia pracoviska 
100 1 |a Jirásek, J.